Les Films de Stanley Kubrick - Statistiques

Statistiques générales
  • Ce quiz a été pris 268 fois
  • Le résultat moyen est 7 sur 13
Statistiques - réponses
Année Film % Correct
1971 Orange mécanique
90%
1968 2001, l'Odyssée de l'espace
86%
1980 Shining
85%
1987 Full Metal Jacket
74%
1975 Barry Lyndon
58%
1957 Les Sentiers de la gloire
57%
1964 Docteur Folamour
56%
1960 Spartacus
56%
1962 Lolita
53%
1999 Eyes Wide Shut
47%
1956 L'Ultime Razzia
27%
1953 Fear and Desire
21%
1955 Le Baiser du tueur
20%
Aucun quiz correspondant
Distribution des résultats
% des personnes avec chaque résultat
Percentile par nombre de réponses
Votre historique - résultats
Vous n’avez pas pris ce quiz